Determinants of Household Financial Vulnerability: Evidence from Selected EU countries
Kvantitatívny prístup skúmajúci determinanty finančnej zraniteľnosti domácností v krajinách eurozóny.
Guardado en:
| Autor principal: | |
|---|---|
| Otros Autores: | , |
| Formato: | Capítulo de libro |
| Lenguaje: | inglés |
| Materias: | |
| Etiquetas: |
Sin Etiquetas, Sea el primero en etiquetar este registro!
|
MARC
| LEADER | 00000naa a2200000 4500 | ||
|---|---|---|---|
| 001 | 0278648 | ||
| 005 | 20260205092410.7 | ||
| 041 | 0 | |a eng | |
| 044 | |a CZ | ||
| 245 | 1 | 0 | |a Determinants of Household Financial Vulnerability: Evidence from Selected EU countries |c Nikola Šubová, Ladislav Mura, Ján Buleca |
| 520 | |a Kvantitatívny prístup skúmajúci determinanty finančnej zraniteľnosti domácností v krajinách eurozóny. | ||
| 610 | 2 | 0 | |a domácnosti |
| 610 | 2 | 0 | |a analýza regresná |
| 610 | 2 | 0 | |a výdavky domácností |
| 610 | 2 | 0 | |a kríza finančná |
| 610 | 2 | 0 | |a zadlženosť |
| 100 | 1 | |a Šubová, Nikola | |
| 700 | 1 | |a Mura, Ladislav, 1979- | |
| 700 | 1 | |a Buleca, Ján | |